000 00417nam a2200145Ia 4500
008 230917s9999||||xx |||||||||||||| ||und||
040 _e132745
_aMAIN
041 _aEnglish
082 _a658.3 P969I
100 _aPunnett, Betty Jane
245 0 _aInternational perspectives on organisationl behaviour and human resource management
260 _aNew Delhi
_bPrentice Hall
_c2006
300 _a285p p.
942 _cBK
999 _c137120
_d137120